De olho na rua (Record no. 169807)

MARC details
000 -LÍDER
campo de controle de tamanho fixo 00355 a2200169 4500
001 - NÚMERO DE CONTROLE
campo de controle 169807
020 ## - ISBN - INTERNATIONAL STANDARD BOOK NUMBER
ISBN - International Standard Book Number 85-7319-270-4
040 ## - FONTE DA CATALOGAÇÃO
Instituição que transcreveu o registro Magnum
100 ## - ENTRADA PRINCIPAL--NOME PESSOAL
Nome pessoal Bloise, Paulo Vicente
240 10 - TÍTULO UNIFORME
Título uniforme De olho na rua
Idioma da obra por
245 10 - TÍTULO
Título De olho na rua
300 ## - DESCRIÇÃO FÍSICA
Extensão 152
362 0# - DATAS DE PUBLICAÇÃO E/OU DESIGNAÇÃO SEQUENCIAL
Datas de publicação e/ou designação sequencial 2002
440 #1 - DECLARAÇÃO DE SÉRIE/ENTRADA ADICIONADA--TÍTULO
Título Dimensão
697 ## - ENTRADA DE ASSUNTO LOCAL--ENTIDADE COLETIVA (RLIN)
Nome corporativo ou nome da jurisdição LITERATURA JUVENIL
942 ## - ELEMENTOS DE ENTRADA ADICIONADOS (KOHA)
Tipo de material Koha Livros
Holdings
Situação do descarte Situação das perdas Situação física Não pode ser emprestado Biblioteca de origem Biblioteca atual Data de aquisição Total de empréstimos Número de chamada completo Código de barras Data de último acesso Data do preço efetivo Tipo de material Koha Fonte da classificação ou esquema de arquivamento na estante Número do exemplar
        Magnum Magnum 08/06/2024   869.3.531 MAG00014474 08/06/2024 08/06/2024 Livros    
        Portinari - Salvador Portinari - Salvador 20/08/2024   028.5 B652d 6082/CCP 20/08/2024 20/08/2024 Livros   Ex. 1